Macmillan report: a short summary of its main points (Record no. 430746)

000 -LEADER
fixed length control field 00360cam a22001217a 4500
008 - FIXED-LENGTH DATA ELEMENTS--GENERAL INFORMATION
fixed length control field 180718b1929 xxu||||| |||| 00| 0 eng d
082 ## - DEWEY DECIMAL CLASSIFICATION NUMBER
Classification number T4x42 T367
100 ## - MAIN ENTRY--PERSONAL NAME
Personal name Thomas, S. Evelyn
245 ## - TITLE STATEMENT
Title Macmillan report: a short summary of its main points
Statement of responsibility, etc. by S. Evelyn Thomas
260 ## - PUBLICATION, DISTRIBUTION, ETC.
Place of publication, distribution, etc.
Name of publisher, distributor, etc. Stationers Hall Court
Date of publication, distribution, etc. 1929
300 ## - PHYSICAL DESCRIPTION
Extent 17p.
650 ## - SUBJECT ADDED ENTRY--TOPICAL TERM
Topical term or geographic name entry element Macmillan report
Holdings
Withdrawn status Lost status Damaged status Not for loan Permanent Location Current Location Date acquired Full call number Barcode Date last seen Price effective from Koha item type
        Indian Institute of Public Administration Indian Institute of Public Administration 2010-01-13 T4x42 T367 A1418 2018-07-21 2018-07-21 A

Powered by Koha